Computer simulation of liquids / (Record no. 30242)

000 -LEADER
fixed length control field 00601 a2200181 4500
020 ## - INTERNATIONAL STANDARD BOOK NUMBER
International Standard Book Number 0198553757
020 ## - INTERNATIONAL STANDARD BOOK NUMBER
International Standard Book Number 9780198553755
082 ## - DEWEY DECIMAL CLASSIFICATION NUMBER
Classification number 532.00724
090 ## - LOCALLY ASSIGNED LC-TYPE CALL NUMBER (OCLC); LOCAL CALL NUMBER (RLIN)
-- 1633
-- 1633
100 1# - MAIN ENTRY--PERSONAL NAME
Personal name Allen, M. P.
245 10 - TITLE STATEMENT
Title Computer simulation of liquids /
Statement of responsibility, etc. M. P. Allen, D. J. Tildesley.
250 ## - EDITION STATEMENT
Edition statement y First edition.
260 ## - PUBLICATION, DISTRIBUTION, ETC.
Place of publication, distribution, etc. [S.l.] :
Name of publisher, distributor, etc. Oxford University Press, USA,
Date of publication, distribution, etc. 1991.
300 ## - PHYSICAL DESCRIPTION
Extent 408 p.
700 1# - ADDED ENTRY--PERSONAL NAME
Personal name Tildesley, D. J.
942 ## - ADDED ENTRY ELEMENTS (KOHA)
Institution code [OBSOLETE] SNS
Koha item type Book
Call number prefix 532.00724 ALL
Holdings
Withdrawn status Lost status Damaged status Not for loan Permanent Location Current Location Date acquired Total Checkouts Full call number Barcode Date last seen Price effective from Koha item type
        School of Natural Sciences (SNS) School of Natural Sciences (SNS) 05/26/2016   532.00724 ALL SNS0001768 05/26/2016 05/26/2016 Book
© 2023 Central Library, National University of Sciences and Technology. All Rights Reserved.